Welcome to CU Library Online Public Access Catalogue (OPAC)

Modern Child Psychology (Record no. 4725)

MARC details
000 -LEADER
fixed length control field 00458nam a22001817a 4500
003 - CONTROL NUMBER IDENTIFIER
control field OSt
005 - DATE AND TIME OF LATEST TRANSACTION
control field 20250312202656.0
008 - FIXED-LENGTH DATA ELEMENTS--GENERAL INFORMATION
fixed length control field 250312b |||||||| |||| 00| 0 eng d
020 ## - INTERNATIONAL STANDARD BOOK NUMBER
International Standard Book Number 9788170416531
040 ## - CATALOGING SOURCE
Transcribing agency Central University Library
100 ## - MAIN ENTRY--PERSONAL NAME
Personal name CHAND TARA/
245 ## - TITLE STATEMENT
Title Modern Child Psychology
260 ## - PUBLICATION, DISTRIBUTION, ETC.
Place of publication, distribution, etc. New Delhi, India
Name of publisher, distributor, etc. J.L. Kuma
Date of publication, distribution, etc. 1993
300 ## - PHYSICAL DESCRIPTION
Extent 327 pages
Dimensions 21.5 cm
490 ## - SERIES STATEMENT
Materials specified Psychology
600 ## - SUBJECT ADDED ENTRY--PERSONAL NAME
Source of heading or term Psychology
942 ## - ADDED ENTRY ELEMENTS (KOHA)
Source of classification or shelving scheme Library of Congress Classification
Koha item type Books
Suppress in OPAC No
Holdings
Withdrawn status Lost status Source of classification or shelving scheme Damaged status Not for loan Collection Home library Current library Shelving location Date acquired Total checkouts Full call number Barcode Date last seen Copy number Price effective from Koha item type
    Library of Congress Classification     Non-fiction Business Library (Miotso) Business Library (Miotso) General stacks 02/26/2025   BF721 CHA BSSM00001349 03/12/2025 1 02/26/2025 Books
© 2023-2024 Copyright: Central University Libraries. All Rights Reserved | Created by: Mahone Tech Office